[Event "POR-ch U14/20"]
[Site "Fatima"]
[Date "2022.04.13"]
[Round "6"]
[White "Gaspar, Bernardo"]
[Black "Veleirinho, Tomas Carvalho"]
[Result "0-1"]
[WhiteElo "1365"]
[BlackElo "1641"]
[PlyCount "128"]
[EventDate "2022.04.10"]
[EventType "swiss"]
[EventRounds "9"]
[EventCountry "POR"]
[SourceTitle "EXT 2023"]
[Source "ChessBase"]
[SourceDate "2022.10.05"]
[SourceVersion "1"]
[SourceVersionDate "2022.10.05"]
[SourceQuality "1"]

1. b3 d5 2. Bb2 Nf6 3. e3 e6 4. f4 Be7 5. Nf3 0-0 6. Nc3 c5 7. Ne2 Nc6 8. Ng3 b6 9. Bd3 Bb7 10. 0-0 Rc8 11. Ne5 Nxe5 12. fxe5 Ne4 13. Qg4 Nxg3 14. Qxg3 c4 15. Be2 cxb3 16. cxb3 Bb4 17. Bc1 d4 18. Qf4 Bc5 19. Bf3 Bxf3 20. Qxf3 dxe3 21. dxe3 Qg5 22. Qf4 Qxf4 23. Rxf4 Rfd8 24. a3 Rd3 25. b4 Bxe3+ 26. Bxe3 Rxe3 27. Rd4 Rxe5 28. Rad1 g6 29. Rd7 a5 30. bxa5 Rxa5 31. Rb7 Rxa3 32. Rf1 Rf8 33. Rxb6 Ra7 34. h3 Rc8 35. Rb2 Kg7 36. Rff2 Rc1+ 37. Kh2 Rd7 38. Rbe2 Rcd1 39. Ra2 f5 40. Rfe2 Kf6 41. Rab2 e5 42. Rb6+ R1d6 43. Rb5 e4 44. Rbb2 h6 45. Kg3 g5 46. Kf2 Ke5 47. Rb5+ Rd5 48. Rb6 R7d6 49. Rb8 Rd2 50. Re8+ Kf6 51. Rf8+ Kg6 52. Rg8+ Kf7 53. Rh8 Rxe2+ 54. Kxe2 f4 55. Rh7+ Kg6 56. Re7 e3 57. g3 Rd2+ 58. Ke1 Rg2 59. gxf4 gxf4 60. Re8 Kf5 61. Rf8+ Ke4 62. Ra8 Kf3 63. Kf1 e2+ 64. Ke1 Rg1+ 0-1

[Event "POR-ch U14/20"]
[Site "Fatima"]
[Date "2022.04.12"]
[Round "5"]
[White "Korotkyi, Daniyil"]
[Black "Gaspar, Bernardo"]
[Result "1/2-1/2"]
[WhiteElo "1726"]
[BlackElo "1365"]
[PlyCount "55"]
[EventDate "2022.04.10"]
[EventType "swiss"]
[EventRounds "9"]
[EventCountry "POR"]
[SourceTitle "EXT 2023"]
[Source "ChessBase"]
[SourceDate "2022.10.05"]
[SourceVersion "1"]
[SourceVersionDate "2022.10.05"]
[SourceQuality "1"]

1. e4 e5 2. Nf3 Nc6 3. Bb5 a6 4. Bxc6 dxc6 5. 0-0 Bd6 6. h3 Be6 7. Nc3 Qd7 8. Ng5 0-0-0 9. Nxe6 Qxe6 10. d3 Ne7 11. Qe2 f6 12. Be3 g5 13. Kh2 h5 14. g3 Rdg8 15. a3 Ng6 16. b4 Rg7 17. Rg1 Nf4 18. Qf1 g4 19. h4 Nh3 20. Rh1 Rgh7 21. Ne2 f5 22. Ng1 Nxg1 23. Rxg1 f4 24. Bd2 fxg3+ 25. fxg3 Rf7 26. Qe2 Rhf8 27. Rgf1 Rf3 28. Kg2 1/2-1/2

[Event "POR-ch U14/20"]
[Site "Fatima"]
[Date "2022.04.10"]
[Round "1"]
[White "Basilio, Rodrigo"]
[Black "Gaspar, Bernardo"]
[Result "1/2-1/2"]
[WhiteElo "1941"]
[BlackElo "1365"]
[PlyCount "236"]
[EventDate "2022.04.10"]
[EventType "swiss"]
[EventRounds "9"]
[EventCountry "POR"]
[SourceTitle "EXT 2023"]
[Source "ChessBase"]
[SourceDate "2022.10.05"]
[SourceVersion "1"]
[SourceVersionDate "2022.10.05"]
[SourceQuality "1"]

1. e4 e5 2. Nf3 Nc6 3. Bc4 Bc5 4. d3 h6 5. c3 Nf6 6. b4 Bb6 7. 0-0 d6 8. Re1 0-0 9. Nbd2 Ng4 10. Re2 Be6 11. h3 Nf6 12. Qb3 Qd7 13. Nf1 Bxc4 14. Qxc4 Qe6 15. Qxe6 fxe6 16. N1d2 Nh5 17. Nc4 Nf4 18. Bxf4 Rxf4 19. a4 a6 20. Nxb6 cxb6 21. Rc1 Rc8 22. Rec2 Kf7 23. Nh2 Ke7 24. g3 Rf7 25. Ng4 d5 26. exd5 exd5 27. Re2 Kd6 28. Rce1 h5 29. Ne3 Rcf8 30. Nd1 Rf3 31. b5 axb5 32. axb5 Na7 33. Rxe5 Rxd3 34. Re6+ Kc5 35. Nb2 Rd2 36. Na4+ Kxb5 37. Rxb6+ Kc4 38. Rb4+ Kd3 39. Re3+ Kc2 40. Rb2+ Kd1 41. Rb1+ Kc2 42. Rb2+ Kd1 43. Rxd2+ Kxd2 44. Re5 Rd8 45. Rxh5 b5 46. Nb6 d4 47. cxd4 Rxd4 48. Nd5 b4 49. Nxb4 Rxb4 50. Rh7 Rb7 51. h4 Nc6 52. h5 Nd4 53. Kg2 Rf7 54. g4 Ne6 55. h6 Kd3 56. hxg7 Nxg7 57. Rh3+ Ke4 58. Re3+ Kd5 59. Kg3 Ne6 60. f3 Kd6 61. Ra3 Ke5 62. Ra5+ Kd6 63. g5 Ng7 64. Kg4 Ke6 65. f4 Rf8 66. Ra6+ Kf7 67. f5 Ne8 68. g6+ Kg7 69. Kg5 Kg8 70. Ra7 Nf6 71. Ra4 Kg7 72. Ra7+ Kg8 73. Re7 Ne8 74. Kh6 Kh8 75. f6 Nxf6 76. g7+ Kg8 77. gxf8Q+ Kxf8 78. Ra7 Ke8 79. Kg6 Nd7 80. Kf5 Nf8 81. Ke5 Kd8 82. Kd6 Ke8 83. Re7+ Kd8 84. Ra7 Ke8 85. Ra2 Kf7 86. Rf2+ Ke8 87. Rf1 Ng6 88. Ke6 Nf8+ 89. Kf6 Nd7+ 90. Kg7 Ke7 91. Re1+ Kd6 92. Kf7 Ne5+ 93. Kf6 Nd7+ 94. Kf5 Nf8 95. Re2 Nd7 96. Re8 Nc5 97. Rd8+ Ke7 98. Rd5 Nd7 99. Ra5 Nf8 100. Ra7+ Ke8 101. Kf6 Nd7+ 102. Ke6 Nf8+ 103. Kd6 Ng6 104. Ra5 Nf8 105. Rf5 Ng6 106. Rf2 Nf8 107. Rf6 Nh7 108. Re6+ Kf7 109. Re7+ Kg6 110. Ke5 Kh6 111. Kf5 Nf8 112. Re8 Nh7 113. Rg8 Kh5 114. Rg6 Nf8 115. Rg7 Kh6 116. Kf6 Nh7+ 117. Kf7 Ng5+ 118. Kg8 Kh5 1/2-1/2